Ultimate Country Quiz (Hardest Version): Part 1 - Statistics

General Stats
  • This quiz has been taken 4 times
  • The average score is 37 of 497
Answer Stats
Answer % Correct
Abkhaz
100%
Afghan
100%
Afghani
100%
Åland Flag_of_%C3%85land.svg
100%
Euro
100%
Pashto
100%
Ruble
100%
Abkhazian
67%
American Samoa 1920px-Flag_of_American_Samoa.svg.png
67%
Anguilla Flag_of_Anguilla.svg
67%
Dinar
67%
Dollar
67%
English
67%
Georgia
67%
Peso
67%
Pound
67%
Russian
67%
Swedish
67%
Ålandic / Ålandish / Ålander / Ålänning / Åländare / Ahvenanmaalainen
33%
Albanian
33%
Algiers
33%
Andorra la Vella
33%
Andorran
33%
Angolan
33%
Antigua and Barbuda 500px-Flag_of_Antigua_and_Barbuda.svg.png
33%
Antiguan / Barbudan
33%
Arabic
33%
Argentine / Argentinean / Argentinian
33%
Argentine Republic 500px-Flag_of_Argentina.svg.png
33%
Armenian
33%
Aruban
33%
Australian
33%
Austrian
33%
Azerbaijani
33%
Azerbaijani / Azeri
33%
Baku
33%
Barbadian / Bajan
33%
Barbados 500px-Flag_of_Barbados.svg.png
33%
Bengali
33%
Bridgetown
33%
Buenos Aires
33%
Catalan
33%
Cedi
33%
Dalasi
33%
Dari
33%
Dominican Republic 1920px-Flag_of_the_Dominican_Republic.svg.png
33%
Dram
33%
Dutch
33%
Escudo
33%
Finnish
33%
Finnish / Finn
33%
French
33%
German
33%
Kabul
33%
Koruna
33%
Króna
33%
Krone
33%
Kwa
33%
Kwanza
33%
Lari
33%
Luanda
33%
Manat
33%
Nakfa
33%
Papiamento
33%
Portuguese
33%
Principality of Andorra 500px-Flag_of_Andorra.svg.png
33%
Real
33%
Republic of Abkhazia 1280px-Flag_of_the_Republic_of_Abkhazia.svg.png
33%
Republic of Albania 500px-Flag_of_Albania.svg.png
33%
Republic of Angola 500px-Flag_of_Angola.svg.png
33%
Republic of Armenia 500px-Flag_of_Armenia.svg.png
33%
Republic of Austria 500px-Flag_of_Austria.svg.png
33%
Republic of Azerbaijan 500px-Flag_of_Azerbaijan.svg.png
33%
Riel
33%
Rupee
33%
Samoan
33%
Spanish
33%
St. John's
33%
Taka
33%
Tbilisi
33%
Tirana
33%
Vienna
33%
Yerevan
33%
Yuan
33%
Accra
0%
Adangme
0%
Addis Ababa
0%
Afar
0%
Aguna
0%
Aja
0%
Akrotiri
0%
Alada
0%
Algerian
0%
American Samoan
0%
Amharic
0%
Anguillian
0%
Antiguan and Barbudan Creole
0%
Arab Republic of Egypt 1920px-Flag_of_Egypt.svg.png
0%
Araona
0%
Aromanian
0%
Asmara
0%
Asper
0%
Assyrian
0%
Athens
0%
Avarua
0%
Aymara
0%
Bahamian
0%
Bahraini
0%
Bajan Creole
0%
Balanta
0%
Bandar Seri Begawan
0%
Bangladeshi
0%
Bangui
0%
Banjul
0%
Bantam
0%
Bariba
0%
Bata
0%
Batswana / Motswana
0%
Baure
0%
Beijing
0%
Beja
0%
Belarusian
0%
Belgian
0%
Belize 500px-Flag_of_Belize.svg.png
0%
Belizean
0%
Beninese / Beninoise
0%
Berba
0%
Berber
0%
Berlin
0%
Bermuda 330px-Flag_of_Bermuda.svg.png
0%
Bermudian
0%
Bésiro
0%
Bhutanese
0%
Bilen
0%
Birr
0%
Bissa
0%
Bogotá
0%
Bolivian
0%
Boliviano
0%
Bonaire 500px-Flag_of_Bosnia_and_Herzegovina.svg.png
0%
Bonairean
0%
Bosnia and Herzegovina 500px-Flag_of_Bonaire.svg.png
0%
Bosnian / Herzegovinian
0%
Bosnian (Serbo-Croatian)
0%
Brasília
0%
Brazilian
0%
British
0%
British Indian Ocean Territory 330px-Flag_of_the_Commissioner_of_the_British_Indian_Ocean_Territory.svg.png
0%
British Sign Language
0%
Bruneian
0%
Brunei Darussalam 500px-Flag_of_Brunei.svg.png
0%
Brussels
0%
Bujumbura
0%
Bulgarian
0%
Burkinabé
0%
Burkina Faso 500px-Flag_of_Burkina_Faso.svg.png
0%
Burundian
0%
Cairo
0%
Cambodian
0%
Cameroonian
0%
Canada 500px-Flag_of_Canada_%28Pantone%29.svg.png
0%
Canadian
0%
Canberra
0%
Cangin
0%
Canichana
0%
Cape Verdean / Cabo Verdean
0%
Cape Verdean Creole
0%
Cavineño
0%
Cayenne
0%
Caymanian
0%
Cayman Islands 500px-Flag_of_the_Cayman_Islands.svg.png
0%
Cayubaba
0%
Central African
0%
Central African Republic 500px-Flag_of_the_Central_African_Republic.svg.png
0%
Chácobo
0%
Chadian
0%
Chakosi
0%
Chamorro
0%
Chilean
0%
Chimán
0%
Chinese
0%
Chokwe
0%
Chongqing
0%
Christmas Islander
0%
Ciudad de la Paz
0%
Cocos (Keeling) Islander
0%
Colombian
0%
Colón
0%
Commonwealth of Australia 500px-Flag_of_Australia_%28converted%29.svg.png
0%
Commonwealth of Dominica 1920px-Flag_of_Dominica.svg.png
0%
Commonwealth of the Bahamas 500px-Flag_of_the_Bahamas.svg.png
0%
Comorian
0%
Comorian / Comorese
0%
Congolese
0%
Cook Islander
0%
Cook Islands 500px-Flag_of_the_Cook_Islands.svg.png
0%
Copenhagen
0%
Costa Rican
0%
Cotonou
0%
Country of Aruba 250px-Flag_of_Aruba.svg.png
0%
Country of Curaçao 500px-Flag_of_Cura%C3%A7ao.svg.png
0%
Croatian
0%
Cuban
0%
Curaçaoan
0%
Cypriot
0%
Czech
0%
Czech Republic 500px-Flag_of_the_Czech_Republic.svg.png
0%
Dagaare
0%
Dagbanli
0%
Danish
0%
Dededo
0%
Democratic Republic of the Congo 1280px-Flag_of_the_Democratic_Republic_of_the_Congo.svg.png
0%
Dendi
0%
Dhaka
0%
Diego Garcia
0%
Djiboutian
0%
Djibouti City
0%
Dominican
0%
Dominican Creole French
0%
Douala
0%
Dyula
0%
Dzongkha
0%
Easter Island 1920px-Flag_of_Rapa_Nui%2C_Chile.svg.png
0%
Ecuadorian
0%
Ede
0%
Egyptian
0%
Egyptian Arabic
0%
England 1920px-Flag_of_England.svg.png
0%
Episkopi Cantonment
0%
Equatoguinean / Equatorial Guinean
0%
Eritrean
0%
Ese Ejja
0%
Estonian
0%
Ethiopian
0%
Ewe
0%
Faʼaʼā
0%
Falkland Islander / Falklander
0%
Falkland Islands 1920px-Flag_of_the_Falkland_Islands.svg.png
0%
Fante
0%
Faroe Islander / Faroese
0%
Faroe Islands 1280px-Flag_of_the_Faroe_Islands.svg.png
0%
Faroese
0%
Federal Democratic Republic of Ethiopia 1920px-Flag_of_Ethiopia.svg.png
0%
Federal Republic of Germany 1920px-Flag_of_Germany.svg.png
0%
Federative Republic of Brazil 500px-Flag_of_Brazil.svg.png
0%
Fijian
0%
Fiji Hindi
0%
Finland-Swedish Sign Language
0%
Finnish Sign Language
0%
Florin
0%
Flying Fish Cove
0%
Fon
0%
Foodo
0%
Franc
0%
French Guiana 1920px-Flag_of_French_Guiana.svg.png
0%
French Guianan / French Guianese
0%
French Polynesia 1920px-Flag_of_French_Polynesia.svg.png
0%
French Polynesian
0%
French Republic 1920px-Flag_of_France.svg.png
0%
Fula
0%
Ga
0%
Gabonese / Gabonaise
0%
Gabonese Republic 1280px-Flag_of_Gabon.svg.png
0%
Gaborone
0%
Gambian
0%
Gambian Sign Language
0%
Gbe
0%
Gen
0%
George Town
0%
Georgian 1920px-Flag_of_Georgia.svg.png
0%
Ghanian
0%
Gibraltar 1920px-Flag_of_Gibraltar.svg.png
0%
Gibraltarian / Llanito
0%
Gitega
0%
Gonda
0%
Greek
0%
Greek / Hellene
0%
Greenland 1920px-Flag_of_Greenland.svg.png
0%
Greenlandic
0%
Grenada 1920px-Flag_of_Grenada.svg.png
0%
Grenadian
0%
Guam 1920px-Flag_of_Guam.svg.png
0%
Guamian
0%
Guaraní
0%
Guarasu'we
0%
Guarayu
0%
Guayaquil
0%
Guilder
0%
Gun
0%
Hagåtña
0%
Hamilton
0%
Hanga Roa
0%
Hausa
0%
Havana
0%
Hellenic Republic 1920px-Flag_of_Greece.svg.png
0%
Helsinki
0%
Hindi
0%
Ifè
0%
Islamic Emirate of Afghanistan 500px-Flag_of_the_Taliban.svg.png
0%
Itonama
0%
Jola
0%
Jola-Fonyi
0%
Kabye
0%
Kalo
0%
Karelian
0%
Karon
0%
Kasem
0%
Kassonke
0%
Khmer
0%
Kikongo
0%
Kimbundu
0%
Kingdom of Bahrain 500px-Flag_of_Bahrain.svg.png
0%
Kingdom of Belgium 500px-Flag_of_Belgium.svg.png
0%
Kingdom of Bhutan 500px-Flag_of_Bhutan.svg.png
0%
Kingdom of Cambodia 500px-Flag_of_Cambodia.svg.png
0%
Kingdom of Denmark 1280px-Flag_of_Denmark.svg.png
0%
Kingdom of Eswatini 1920px-Flag_of_Eswatini.svg.png
0%
Kinshasa
0%
Kirundi
0%
Kokoy
0%
Kralendijk
0%
Kunama
0%
Kurdish
0%
Lama
0%
La Paz
0%
Leco
0%
Lek
0%
Libreville
0%
Lilangeni
0%
Lingala
0%
Llanito
0%
Lobamba
0%
London
0%
Luba-Kasai
0%
Luchazi
0%
Lukpa
0%
Macedonian
0%
Machajuyai-Kallawaya
0%
Machineri
0%
Malay
0%
Manama
0%
Mandika
0%
Mandjak
0%
Mankanya
0%
Māori
0%
Mariehamn
0%
Mark
0%
Maropa
0%
Mbabane
0%
Mbelime
0%
Melbourne
0%
Minsk
0%
Mojeño-Ignaciano
0%
Mojeño-Trinitario
0%
Mokole
0%
Mooré
0%
Moré
0%
Moroni
0%
Mosetén
0%
Movima
0%
Náhuat
0%
Nara
0%
Nassau
0%
Nateni
0%
N'Djamena
0%
Ngangam
0%
Ngultrum
0%
Nicosia
0%
Noon
0%
Nuuk
0%
Nzema
0%
Oranjestad
0%
Oromo
0%
Oshiwambo
0%
Ottawa
0%
Ouagadougou
0%
Pacawara
0%
Pago Pago
0%
Papeete
0%
Paris
0%
People's Democratic Republic of Algeria 500px-Flag_of_Algeria.svg.png
0%
People's Republic of Bangladesh 500px-Flag_of_Bangladesh.svg.png
0%
People's Republic of China 500px-Flag_of_the_People%27s_Republic_of_China.svg.png
0%
Pherá
0%
Phla
0%
Phnom Penh
0%
Plurinational State of Bolivia 500px-Bandera_de_Bolivia_%28Estado%29.svg.png
0%
Porto-Novo
0%
Prague
0%
Praia
0%
Pukapukan
0%
Pula
0%
Pulaar
0%
Puquina
0%
Quechua
0%
Quito
0%
Rand
0%
Rapa Nui
0%
Republic of Belarus 500px-Flag_of_Belarus.svg.png
0%
Republic of Benin 500px-Flag_of_Benin.svg.png
0%
Republic of Botswana 500px-Flag_of_Botswana.svg.png
0%
Republic of Bulgaria 500px-Flag_of_Bulgaria.svg.png
0%
Republic of Burundi 500px-Flag_of_Burundi.svg.png
0%
Republic of Cabo Verde 500px-Flag_of_Cape_Verde.svg.png
0%
Republic of Cameroon 500px-Flag_of_Cameroon.svg.png
0%
Republic of Chad 500px-Flag_of_Chad.svg.png
0%
Republic of Chile 500px-Flag_of_Chile.svg.png
0%
Republic of Colombia 500px-Flag_of_Colombia.svg.png
0%
Republic of Costa Rica 250px-Flag_of_Costa_Rica.svg.png
0%
Republic of Croatia 500px-Flag_of_Croatia.svg.png
0%
Republic of Cuba 500px-Flag_of_Cuba.svg.png
0%
Republic of Cyprus 500px-Flag_of_Cyprus.svg.png
0%
Republic of Djibouti 1920px-Flag_of_Djibouti.svg.png
0%
Republic of Ecuador 1920px-Flag_of_Ecuador.svg.png
0%
Republic of El Salvador 1920px-Flag_of_El_Salvador.svg.png
0%
Republic of Equatorial Guinea 1920px-Flag_of_Equatorial_Guinea.svg.png
0%
Republic of Estonia 1920px-Flag_of_Estonia.svg.png
0%
Republic of Fiji 1920px-Flag_of_Fiji.svg.png
0%
Republic of Finland 1920px-Flag_of_Finland.svg.png
0%
Republic of Ghana 1920px-Flag_of_Ghana.svg.png
0%
Republic of The Gambia 1920px-Flag_of_The_Gambia.svg.png
0%
Road Town
0%
Roseau
0%
Saho
0%
Salvadoran
0%
Sámi
0%
Sango
0%
San José
0%
San Salvador
0%
Santa Cruz
0%
Santiago
0%
Santo Domingo
0%
São Paulo
0%
Sarajevo
0%
Serekunda
0%
Serer
0%
Shanghai
0%
Sirionó
0%
Sofia
0%
Somali
0%
Soninke
0%
Sovereign Base Areas of Akrotiri and Dhekelia images?q=tbn:ANd9GcSyAKxSx1mu9AS2tgzy1I7NWw-ww4CCmoW3pg&s
0%
Stanley
0%
State of Eritrea 500px-Flag_of_Eritrea.svg.png
0%
St. George's
0%
Sucre
0%
Sukhumi
0%
Suva
0%
Swahili
0%
Swazi
0%
Sydney
0%
Tacana
0%
Tafuna
0%
Tahitian
0%
Tallinn
0%
Tammari
0%
Tapieté
0%
Tem
0%
Territory of Christmas Island 500px-Flag_of_Christmas_Island.svg.png
0%
Territory of Cocos (Keeling) Islands 500px-Flag_of_the_Cocos_%28Keeling%29_Islands.svg.png
0%
The Valley
0%
Thimphu
0%
Tigre
0%
Tigrinya
0%
Tɔli
0%
Tofin
0%
Toromona
0%
Toronto
0%
Tórshavn
0%
Tswana
0%
Turkish
0%
Twi
0%
Ukrainian
0%
Umbundu
0%
Union of the Comoros 500px-Flag_of_the_Comoros.svg.png
0%
Uru-Chipaya
0%
Virgin Islander
0%
Virgin Islands 330px-Flag_of_the_British_Virgin_Islands.svg.png
0%
Virgin Islands Creole
0%
Waama
0%
Waci
0%
Weenhayek
0%
West Island
0%
Willemstad
0%
Wolof
0%
Yaminawa
0%
Yaoundé
0%
Yom
0%
Yoruba
0%
Yoruboid
0%
Yuki
0%
Yuracaré
0%
Zagreb
0%
Zamuco
0%
No matching quizzes found
Score Distribution
Percent of People with Each Score
Percentile by Number Answered
Your Score History
You have not taken this quiz